Tito Manlio / (Record no. 196085)

MARC details
000 -LEADER
campo de control de longitud fija 02975njm a2200565 i 4500
001 - NÚMERO DE CONTROL
campo de control 196085
003 - IDENTIFICADOR DE NÚMERO DE CONTROL
campo de control ES-MaACL
005 - FECHA Y HORA DE LA ÚLTIMA TRANSACCIÓN
campo de control 20250904042251.0
007 - CAMPO FIJO DE DESCRIPCIÓN FÍSICA--INFORMACIÓN GENERAL
campo de control de longitud fija sd*fsngnnmmned
008 - DATOS DE LONGITUD FIJA--INFORMACIÓN GENERAL
campo de control de longitud fija 240209s2006 sp opn d / ita
015 ## - NÚMERO DE BIBLIOGRAFÍA NACIONAL
Número de bibliografía nacional SON06
017 ## - NÚMERO DE COPYRIGHT O DE DEPÓSITO LEGAL
Número de copyright o de depósito legal M 48044-2006
Agencia que asigna Oficina Depósito Legal Madrid
020 ## - NÚMERO INTERNACIONAL ESTÁNDAR DEL LIBRO
Número Internacional Estándar del Libro 9788496832060
035 ## - NÚMERO DE CONTROL DEL SISTEMA
Número de control de sistema (OCoLC)431111515
035 ## - NÚMERO DE CONTROL DEL SISTEMA
Número de control de sistema (SpMaBN)a4555167
040 ## - FUENTE DE CATALOGACIÓN
Centro catalogador/agencia de origen SpMaBN
Lengua de catalogación spa
Centro/agencia transcriptor SpMaBN
Normas de descripción rdc
100 1# - ENTRADA PRINCIPAL--NOMBRE DE PERSONA
Nombre de persona Vivaldi, Antonio,
Fechas asociadas al nombre 1678-1741
9 (RLIN) 240556
Término indicativo de función/relación Compositor
240 10 - TÍTULO UNIFORME
Título uniforme Tito Manlio
245 10 - MENCIÓN DEL TÍTULO
Título Tito Manlio /
Mención de responsabilidad, etc. Vivaldi ; libreto de Matteo Noris
Medio [Grabación sonora]
260 ## - PUBLICACIÓN, DISTRIBUCIÓN, ETC.
Lugar de publicación, distribución, etc. Madrid :
Nombre del editor, distribuidor, etc. Prisa Innova,
Fecha de publicación, distribución, etc. D.L. 2007
264 ## - PRODUCCIÓN, PUBLICACIÓN, DISTRIBUCIÓN, FABRICACIÓN Y COPYRIGHT
Producción, publicación, distribución, fabricación y copyright ©2007
300 ## - DESCRIPCIÓN FÍSICA
Extensión 2 discos (CD Audio) +
Material acompañante/anejo 1 libro (77 páginas)
336 ## - TIPO DE CONTENIDO
Fuente rdacontent
Término de tipo de contenido música (interpretada)
337 ## - TIPO DE MEDIO
Fuente rdamedia
Nombre/término del tipo de medio audio
338 ## - TIPO DE SOPORTE
Fuente rdacarrier
Nombre/término del tipo de soporte volumen
490 1# - MENCIÓN DE SERIE
Mención de serie Los clásicos de la ópera, 400 años ;
Designación de volumen o secuencia 13
511 1# - NOTA DE PARTICIPANTES O INTÉRPRETES
Nota de participantes o intérpretes Sergio Foresti, Elisabeth Scholl, Nicky Kennedy, Rosa Domínguez, Lucia Sciannimanico, Thierry Grégoire, Davide Livermore, Bruno Taddia ; Modo Antiquo ; Federico Maria Sardelli, director musical.
518 ## - NOTA DE FECHA/HORA Y LUGAR DE UN ACONTECIMIENTO
Nota de fecha/hora y lugar de un acontecimiento Grabado en la Chiesa del Santissimo Crocifisso, Barga, Italia, en julio de 2003
520 ## - RESUMEN, ETC.
Sumario, etc. Vivaldi residió en Mantua entre 1718y 1720, ejerciendo para el gobernador imperial, príncipe Philipp de Hesse-Darmstadt, como maestro di capella di camera. Como tal, una de sus principales funciones era la de componer y producir óperas para el Teatro Archiducal. Cuatro fueron las óperas vivaldianas representadas en la ciudad; ninguna se vio rodeada de circunstancias tan extraordinarias como Tito Manlio. La historia del cónsul romano Titus Manlius Imperiosus Torquatus (Tito), tan inflexible en el ejericicio del poder que ordenó ejecutar a su propio hijo (Manlio) por haber violado la ley, la transmitió Tito Livio.
650 #7 - PUNTO DE ACCESO ADICIONAL DE MATERIA--TÉRMINO DE MATERIA
Término de materia o nombre geográfico como elemento de entrada Óperas-
9 (RLIN) 137584
Subdivisión de forma Libretos
655 #7 - TERMINO DE INDIZACIÓN--GENERO/FORMA
Datos o término principal de género/forma Libretos
Fuente del término
9 (RLIN) 242219
700 1# - ENTRADA AGREGADA--NOMBRE PERSONAL
Nombre de persona Noris, Matteo,
Fechas asociadas al nombre 1640-1714-
Título de la obra Tito Manlio-
Lenguaje de la obra Español-Italiano
9 (RLIN) 238106
Término indicativo de función/relación Libretista
700 1# - ENTRADA AGREGADA--NOMBRE PERSONAL
Nombre de persona Foresti, Sergio
9 (RLIN) 238107
Término indicativo de función/relación Intérprete
700 1# - ENTRADA AGREGADA--NOMBRE PERSONAL
Nombre de persona Scholl, Elisabeth
9 (RLIN) 238108
Término indicativo de función/relación Intérprete
700 1# - ENTRADA AGREGADA--NOMBRE PERSONAL
Nombre de persona Kennedy, Nicky
9 (RLIN) 238109
Término indicativo de función/relación Intérprete
700 1# - ENTRADA AGREGADA--NOMBRE PERSONAL
Nombre de persona Domínguez, Rosa
Títulos y otros términos asociados al nombre (soprano)
9 (RLIN) 238110
Término indicativo de función/relación Intérprete
700 1# - ENTRADA AGREGADA--NOMBRE PERSONAL
Nombre de persona Sciannimanico, Lucia
9 (RLIN) 238111
Término indicativo de función/relación Intérprete
700 1# - ENTRADA AGREGADA--NOMBRE PERSONAL
Nombre de persona Grégoire, Thierry
9 (RLIN) 238112
Término indicativo de función/relación Intérprete
700 1# - ENTRADA AGREGADA--NOMBRE PERSONAL
Nombre de persona Livermore, Davide
9 (RLIN) 238113
Término indicativo de función/relación Intérprete
700 1# - ENTRADA AGREGADA--NOMBRE PERSONAL
Nombre de persona Taddia, Bruno
9 (RLIN) 238114
Término indicativo de función/relación Intérprete
700 1# - ENTRADA AGREGADA--NOMBRE PERSONAL
Nombre de persona Sardelli, Federico Maria
9 (RLIN) 238115
Término indicativo de función/relación Director musical
710 2# - ENTRADA AGREGADA--NOMBRE DE ENTIDAD CORPORATIVA
Nombre de entidad corporativa o nombre de jurisdicción como elemento de entrada Modo Antiquo
9 (RLIN) 238116
852 ## - LOCALIZACIÓN
Ubicación ES-MaACL
Sublocalización o colección R.155026
Ubicación en estantería Depósito J
Número de control de estantería N-9808
Donativo/Legado Donación: Miren Fernández
Encuadernación Encuadernación cartoné
Designación de la unidad física Volumen 13
itemnumber 205620
903 ## - NOMBRE PERSONAL DE DONANTE
a Fernández, Miren
e Donante
942 ## - ELEMENTOS DE ENTRADA SECUNDARIOS (KOHA)
Tipo de ítem Koha Libro impreso
Suprimir en OPAC No
Holdings
Estatus retirado Estado de pérdida Fuente del sistema de clasificación o colocación Estado de daño No para préstamo Biblioteca de origen Biblioteca actual Ubicación en estantería Fecha de adquisición Fuente de adquisición Total de préstamos Signatura topográfica completa Código de barras Visto por última vez Precio de reemplazo Tipo de ítem Koha
    Clasificación decimal universal     Biblioteca del Ateneo de Madrid Biblioteca del Ateneo de Madrid Depósito J 20/05/2025 Donación   N-9808 101230113 20/05/2025 20/05/2025 Libro impreso